[Event "POL-ch"]
[Site "Slupsk"]
[Date "1989.??.??"]
[Round "1"]
[White "Wojtkiewicz, Aleksander"]
[Black "Woda, Jacek"]
[Result "1-0"]
[WhiteElo "2460"]
[BlackElo "2335"]

1.Nf3 Nf6 2.c4 e6 3.g3 g6 4.Bg2 Bg7 5.d4 c5 6.Nc3 O-O 7.O-O cxd4 8.Nxd4 a6
9.Nb3 d6 10.Bf4 e5 11.Bg5 h6 12.Bxf6 Bxf6 13.Qd2 Be7 14.Rfd1 Nc6 15.Ne4 Be6
16.Rac1 Kh7 17.Nxd6 Qc7 18.Nc5 Bg4 19.h3 Bg5 20.f4 exf4 21.Nce4 Be6 22.Nxg5+ hxg5
23.gxf4 gxf4 24.Qxf4 Qb6+ 25.e3 Qxb2 26.Rb1 Qc2 27.Nxb7 Nb4 28.Be4 Qc3 29.Rb3 Qxc4
30.Rxb4 Qxa2 31.Nd6 a5 32.Rbd4 a4 33.Bxa8  1-0

[Event "POL-ch"]
[Site "Slupsk"]
[Date "1989.??.??"]
[Round "2"]
[White "Borkowski, Franciszek"]
[Black "Wojtkiewicz, Aleksander"]
[Result "0-1"]
[WhiteElo "2420"]
[BlackElo "2460"]

1.e4 c5 2.Nf3 d6 3.d4 cxd4 4.Nxd4 Nf6 5.Nc3 a6 6.Bc4 e6 7.Bb3 b5 8.O-O Be7
9.f4 Bb7 10.Be3 b4 11.e5 bxc3 12.exf6 Bxf6 13.Ba4+ Nd7 14.f5 O-O 15.fxe6 Nc5
16.Nc6 Qc7 17.Rxf6 cxb2 18.Rb1 Nxa4 19.e7 Qxc6 20.exf8=Q+ Rxf8 21.Qg4 h5
22.Qg3 Nc3 23.Rf2 h4 24.Qg4 Bc8 25.Qd4 Nxb1 26.Qxb2 Nc3 27.Bd4 Nd1 28.Qa1 Nxf2
29.Bxg7 Bb7  0-1

[Event "POL-ch"]
[Site "Slupsk"]
[Date "1989.??.??"]
[Round "3"]
[White "Wojtkiewicz, Aleksander"]
[Black "Zolnierowicz, Krzysztof"]
[Result "1/2-1/2"]
[WhiteElo "2460"]
[BlackElo "2405"]

1.Nf3 Nf6 2.g3 e6 3.Bg2 Be7 4.O-O O-O 5.c4 d5 6.d4 c5 7.dxc5 Bxc5 8.a3 Nc6
9.b4 Be7 10.Bb2 dxc4 11.Qc2 Bd7 12.Qxc4 Rc8 13.Qd3 Qc7 14.Nc3 Rfd8 15.Rac1 Qb8
16.Ne4 e5 17.Nxf6+ Bxf6 18.Qe3 h6 19.Nd2 Bf5 20.Ne4 Be7 21.Nc5 Bf6 22.h4 b6
23.Ne4 Be7 24.Rfd1  1/2-1/2

[Event "POL-ch"]
[Site "Slupsk"]
[Date "1989.??.??"]
[Round "4"]
[White "Szymczak, Zbigniew"]
[Black "Wojtkiewicz, Aleksander"]
[Result "1/2-1/2"]
[WhiteElo "2400"]
[BlackElo "2460"]

1.d4 Nf6 2.c4 c5 3.d5 d6 4.Nc3 g6 5.e4 Bg7 6.Be2 O-O 7.Bg5 h6 8.Be3 e6 9.Qd2 exd5
10.exd5 Kh7 11.h3 Re8 12.Bd3 a6 13.a4 Nbd7 14.Nf3 Ne5 15.Nxe5 Rxe5 16.O-O Nh5
17.Rae1 f5  1/2-1/2

[Event "POL-ch"]
[Site "Slupsk"]
[Date "1989.??.??"]
[Round "5"]
[White "Wojtkiewicz, Aleksander"]
[Black "Jasnikowski, Zbigniew"]
[Result "1-0"]
[WhiteElo "2460"]
[BlackElo "2430"]

1.c4 e5 2.Nc3 Nc6 3.g3 g6 4.Bg2 Bg7 5.d3 Nge7 6.Rb1 a5 7.a3 Nd4 8.e3 Ne6
9.Nge2 c6 10.d4 exd4 11.exd4 d5 12.cxd5 cxd5 13.O-O O-O 14.Be3 b6 15.Qd2 Ba6
16.Bh6 Bxh6 17.Qxh6 Bd3 18.Rbc1 Nf5 19.Qd2 Bc4 20.Rfd1 a4 21.Nf4 Nxf4 22.Qxf4 Re8
23.Re1 Qd7 24.h4 b5 25.Re5 Rxe5 26.dxe5 Qe6 27.Rd1 Rd8 28.Ne4 h6 29.Bh3 Kg7
30.Nd6 Rxd6 31.Bxf5  1-0

[Event "POL-ch"]
[Site "Slupsk"]
[Date "1989.??.??"]
[Round "7"]
[White "Hawelko, Marek"]
[Black "Wojtkiewicz, Aleksander"]
[Result "1/2-1/2"]
[WhiteElo "2455"]
[BlackElo "2460"]

1.d4 Nf6 2.Nf3 e6 3.c4 c5 4.Nc3 cxd4 5.Nxd4 Bb4 6.g3 Ne4 7.Qc2 Qa5 8.Bd2 Nxd2
9.Qxd2 Nc6 10.Nxc6 bxc6 11.Rc1 O-O 12.a3 Be7 13.Bg2 d5 14.O-O Rb8 15.Rfd1 Rd8
16.cxd5 cxd5 17.Nxd5 Rxd5 18.Bxd5 Qxd2 19.Rxd2 exd5 20.Rc7 Bf6 21.Rxa7 Bxb2
22.Rxd5 Bf6 23.f3 Be6 24.Rd2 g6 25.a4 Rb1+ 26.Kg2 Ra1 27.a5 Bc3 28.Rc2 Rxa5
29.Rxa5 Bxa5 30.h4 h5 31.Rc5 Bb6 32.Rb5 Bd4 33.e4 Kg7 34.Rb4 Be5 35.Rb5 Kf6
36.Ra5 Bd4 37.Rb5 Ke7 38.Ra5 Kd6 39.Kf1 Bb6 40.Ra3 Ke5 41.Kg2 Kd4 42.Ra4+ Ke3
43.Ra3+ Ke2 44.Ra6 Bd4 45.Ra4 Bc3 46.Ra3 Bb2 47.Ra4 Ke1 48.Rb4 Bc3 49.Ra4 Bg7
50.Rb4 Bf6 51.Ra4 Kd2 52.Ra6 Bg7 53.Ra4 Ke2 54.Ra8 Be5 55.Ra5 Bc7 56.Ra7 Bd8
57.Ra8 Bb6 58.Ra6 Bc5 59.Ra5 Be3 60.Ra4 Bh6 61.Rb4 Bc1 62.Ra4 Ke3  1/2-1/2

[Event "POL-ch"]
[Site "Slupsk"]
[Date "1989.??.??"]
[Round "8"]
[White "Wojtkiewicz, Aleksander"]
[Black "Schmidt, Wlodzimierz"]
[Result "1/2-1/2"]
[WhiteElo "2460"]
[BlackElo "2460"]

1.e4 e6 2.d4 d5 3.Nc3 Bb4 4.Ne2 dxe4 5.a3 Bxc3+ 6.Nxc3 Nc6 7.Be3 Nf6 8.Qd2 Ne7
9.Bg5 Ned5 10.O-O-O Bd7 11.f3 Nxc3 12.Qxc3 Bc6 13.d5 Bxd5 14.Qe5 Qe7 15.fxe4 Bc6
16.Bb5 Bxb5 17.Qxb5+ c6 18.Qe5 h6 19.Bh4 Rg8 20.Rhf1 g5 21.Rxf6 gxh4 22.Rxh6 Rd8
23.Rxd8+ Qxd8 24.Rh8 Kf8 25.Qc5+ Kg7 26.Qe5+ Kf8 27.Qc5+ Kg7 28.Qe5+  1/2-1/2

[Event "POL-ch"]
[Site "Slupsk"]
[Date "1989.??.??"]
[Round "9"]
[White "Siekanski, Janusz"]
[Black "Wojtkiewicz, Aleksander"]
[Result "1/2-1/2"]
[WhiteElo "2340"]
[BlackElo "2460"]

1.Nf3 Nf6 2.c4 c5 3.Nc3 e6 4.g3 b6 5.Bg2 Bb7 6.O-O Be7 7.d4 cxd4 8.Qxd4 d6
9.Bg5 a6 10.Bxf6 Bxf6 11.Qf4 O-O 12.Rfd1 Be7 13.Ne4 Bxe4 14.Qxe4  1/2-1/2

[Event "POL-ch"]
[Site "Slupsk"]
[Date "1989.??.??"]
[Round "10"]
[White "Wojtkiewicz, Aleksander"]
[Black "Sznapik, Aleksander"]
[Result "1/2-1/2"]
[WhiteElo "2460"]
[BlackElo "2455"]

1.Nf3 Nf6 2.c4 g6 3.g3 Bg7 4.Bg2 O-O 5.O-O d6 6.d4 Bg4 7.Nc3 Qc8 8.Re1 c5
9.d5 Na6 10.Bf4 Nc7 11.Qd3 a6 12.e4 Nd7 13.a4 Bxf3 14.Qxf3 b5 15.axb5  1/2-1/2

[Event "POL-ch"]
[Site "Slupsk"]
[Date "1989.??.??"]
[Round "15"]
[White "Stempin, Pawel"]
[Black "Wojtkiewicz, Aleksander"]
[Result "1/2-1/2"]
[WhiteElo "2395"]
[BlackElo "2460"]

1.d4 Nf6 2.Nf3 e6 3.c4 c5 4.Nc3 cxd4 5.Nxd4 Nc6 6.Ndb5 d5 7.Bf4 e5 8.cxd5 exf4
9.dxc6 bxc6 10.Qxd8+ Kxd8 11.Rd1+ Bd7 12.Nd6 Bxd6 13.Rxd6 Rb8 14.Rd2 Re8
15.g3 f3 16.Kd1 fxe2+ 17.Bxe2 Kc7 18.Bc4 Be6 19.Bxe6 Rxe6 20.Kc2 Rd8 21.Rxd8 Kxd8
22.Rd1+ Kc7 23.Rd4 Re5 24.Rf4 Re7 25.Rc4 Kd6 26.Kd2 Re5 27.Rf4 Re7 28.Ra4 Kc5
29.b3 Kb6 30.Rc4 Nd7 31.Rg4 g6 32.Rh4 f5 33.Rb4+ Kc7 34.Ra4 Kb6 35.Rb4+ Kc7
36.Ra4  1/2-1/2

[Event "Warsaw op"]
[Site "Warsaw"]
[Date "1989.??.??"]
[Round "?"]
[White "Wojtkiewicz, Aleksander"]
[Black "Garkov, Mitko"]
[Result "1-0"]
[WhiteElo "2460"]
[BlackElo "2415"]

1.Nf3 g6 2.d4 Bg7 3.g3 d6 4.Bg2 Nf6 5.O-O O-O 6.c4 Nbd7 7.Nc3 e5 8.e4 c6
9.h3 Qe7 10.Be3 Re8 11.Qc2 exd4 12.Nxd4 Nc5 13.Rfe1 a5 14.Rad1 Qc7 15.Ndb5 cxb5
16.Nxb5 Qe7 17.Nxd6 Ne6 18.e5 Nd7 19.Nxe8 Qxe8 20.f4 Bf8 21.g4 Ng7 22.Qf2 Nb8
23.Bc5 Nc6 24.Bd6 Be6 25.b3 Qc8 26.Bxf8 Qxf8 27.Be4 Re8 28.f5 Bc8 29.e6 fxe6
30.f6  1-0

[Event "Warsaw op"]
[Site "Warsaw"]
[Date "1989.??.??"]
[Round "?"]
[White "Wojtkiewicz, Aleksander"]
[Black "Skalik, Przemyslaw"]
[Result "1-0"]
[WhiteElo "2460"]
[BlackElo "2245"]

1.Nf3 Nf6 2.c4 g6 3.g3 Bg7 4.Bg2 O-O 5.O-O d5 6.cxd5 Nxd5 7.d4 Nb6 8.Nc3 Nc6
9.d5 Na5 10.e4 c6 11.Bg5 h6 12.Bf4 cxd5 13.exd5 Nac4 14.Qe2 Nxb2 15.Qxb2 Na4
16.Nxa4 Bxb2 17.Nxb2 Qxd5 18.Bxh6 Re8 19.Be3 Qb5 20.Rfb1 Bd7 21.a4 Qh5 22.Nc4 f6
23.Nd4 b6 24.a5 b5 25.Bf3 Qc5 26.Nd2 Qe5 27.N2b3 Qd6 28.Rd1 Qb4 29.Nc2 Qc3
30.Bd5+ Kg7 31.Bxa8 Bg4 32.Rd4 Bf5 33.Be4 Bxe4 34.Rxe4 Qxb3 35.Nd4 Qd5 36.Re6 Kf7
37.Ra6 Qb7 38.Rc6 Rd8 39.a6 Qb8 40.Rac1 Rd7 41.Ne6 Qe5 42.Nc5 Rd5 43.h4 Qh5
44.Rc7 g5 45.hxg5 fxg5 46.Ne4 Qg4 47.f3 Qh3 48.R7c5 Rxc5 49.Rxc5 Qh6 50.Nxg5+ Ke8
51.Rc8+ Kd7 52.Ra8  1-0

[Event "Warsaw op"]
[Site "Warsaw"]
[Date "1989.??.??"]
[Round "?"]
[White "Wojtkiewicz, Aleksander"]
[Black "Ostrowski, Leszek"]
[Result "1-0"]
[WhiteElo "2460"]
[BlackElo "2380"]

1.Nf3 Nf6 2.c4 e6 3.g3 d5 4.d4 c6 5.Qc2 Bb4+ 6.Bd2 Be7 7.Bg2 O-O 8.O-O b6
9.Bf4 Bb7 10.Rd1 Nbd7 11.Nc3 Nh5 12.Bc1 Nhf6 13.b3 Rc8 14.Bb2 c5 15.cxd5 cxd4
16.Rxd4 Nxd5 17.Qd2 Bf6 18.Nxd5 Bxd5 19.e4 Bc6 20.e5 Be7 21.Ne1 Bc5 22.Rg4 h5
23.Bxc6 Rxc6 24.Rh4 Be7 25.Rd4 Rc7 26.Rd1 Bg5 27.f4 Be7 28.Rxd7 Bc5+ 29.Kg2 Qa8+
30.Nf3  1-0

[Event "Warsaw op"]
[Site "Warsaw"]
[Date "1989.??.??"]
[Round "?"]
[White "Wojtkiewicz, Aleksander"]
[Black "Kostyra, Stanislaw"]
[Result "0-1"]
[WhiteElo "2460"]
[BlackElo "2335"]

1.c4 e5 2.Nc3 Bb4 3.Qc2 Nf6 4.e3 O-O 5.Nf3 Re8 6.a3 Bf8 7.Be2 c6 8.d4 e4
9.Nd2 d5 10.b4 dxc4 11.Nxc4 Be6 12.Ne5 Nbd7 13.Bb2 Bd5 14.Nxd5 cxd5 15.Qb3 Re6
16.g4 a5 17.Nxd7 Nxd7 18.Qxd5 axb4 19.a4 Nb6 20.Qxd8 Rxd8 21.a5 Nd5 22.Bc4 Rc6
23.Bb3 Nc3 24.Kd2 Ra8 25.g5 Be7 26.Rhg1 Bd8 27.Bxc3 Rxc3 28.Bc2 Rxa5 29.Bxe4 Rca3
30.Rab1 Ra2+ 31.Kd3 Be7 32.Bxb7 Rxf2 33.h4 Ra3+ 34.Ke4 Re2 35.Rg3 Rh2 36.Rg4 Rh3
37.Kd5 Raxe3 38.Ba6  0-1

[Event "Warsaw op"]
[Site "Warsaw"]
[Date "1989.??.??"]
[Round "?"]
[White "Pedzich, Dominik"]
[Black "Wojtkiewicz, Aleksander"]
[Result "1/2-1/2"]
[WhiteElo "2360"]
[BlackElo "2460"]

1.e4 g6 2.d4 d6 3.Nf3 Bg7 4.Bc4 Nf6 5.Nc3 O-O 6.O-O c6 7.Re1 Bg4 8.h3 Bxf3
9.Qxf3 e5 10.dxe5 dxe5 11.Bg5 h6 12.Rad1 Qe7 13.Bh4 b5 14.Bb3 Na6 15.Qe2 Nc5
16.Qf3 Rad8 17.Rxd8 Rxd8 18.a3 Nxb3 19.cxb3 Rd2 20.Re2 Rd4 21.Rc2 Qd6 22.Kh2 Rd3
23.Qe2 a5 24.Nd5 Rxd5 25.exd5 Nxd5 26.Bg3 f5 27.Kh1 Qe6 28.f3 e4 29.fxe4 fxe4
30.Rc1 Bd4 31.Rf1 h5 32.Qd2 Bg7 33.Qxa5 Ne3 34.Re1 Nf5 35.Bf4 Bxb2 36.Qb4 Bd4
37.Qd2 e3 38.Qd3 h4 39.a4 bxa4 40.bxa4 Qa2 41.Bxe3 Bxe3 42.Rxe3 Nxe3 43.Qxe3 Qa1+
44.Kh2 Qxa4 45.Qe8+ Kh7 46.Qe7+ Kh6 47.Qe3+ Kh5 48.Qe5+ g5 49.Qe8+ Kh6  1/2-1/2

[Event "Biel op"]
[Site "Biel"]
[Date "1990.??.??"]
[Round "2"]
[White "Wojtkiewicz, Aleksander"]
[Black "Maeder, Karl Heinz"]
[Result "1-0"]
[WhiteElo "2515"]
[BlackElo "2375"]

1.Nf3 Nf6 2.c4 g6 3.g3 Bg7 4.Bg2 O-O 5.O-O d6 6.d4 Nc6 7.Nc3 a6 8.h3 Rb8
9.Bg5 b5 10.cxb5 axb5 11.d5 b4 12.Bxf6 Bxf6 13.Ne4 Ne5 14.Nxf6+ exf6 15.Nd4 Bb7
16.Qc2 Qe7 17.Rfc1 Rfc8 18.Qd2 f5 19.Rc2 Nd7 20.Rc4 Ba8 21.Rxb4 Rxb4 22.Qxb4 Nb6
23.Qb3 Qe5 24.Rd1 Nxd5 25.Nxf5 Qxe2 26.Bxd5 Bxd5 27.Rxd5 gxf5 28.Rxf5 Qe6
29.Qf3 Qxa2 30.Rg5+ Kf8 31.Qg4 Re8 32.Rg8+ Ke7 33.Qg5+ Kd7 34.Qb5+  1-0

[Event "Biel op"]
[Site "Biel"]
[Date "1990.??.??"]
[Round "6"]
[White "Wojtkiewicz, Aleksander"]
[Black "Lutz, Christopher"]
[Result "1/2-1/2"]
[WhiteElo "2515"]
[BlackElo "2445"]

1.Nf3 Nf6 2.c4 g6 3.g3 Bg7 4.Bg2 O-O 5.d4 c6 6.Nc3 d5 7.Qb3 Qb6 8.O-O Na6
9.h3 dxc4 10.Qxc4 Bf5 11.Ng5 h6 12.e4 Bd7 13.Nf3 Qa5 14.Qe2 b5 15.Ne5 Rad8
16.Be3 b4 17.Nc4 Qc7 18.Na4 c5 19.Nxc5 Nxc5 20.dxc5 Bb5 21.Rfc1 Nd7 22.Qe1 a5
23.Rab1 Bxc4 24.Rxc4 Ne5 25.Bf4 Qc6 26.Bxe5 Bxe5 27.a3 Rd4 28.Rxd4 Bxd4 29.axb4 axb4
30.Qxb4 Bxc5 31.Qd2 Qb6 32.b4 Rb8 33.b5 Rd8 34.Qc2 Bd4 35.Bf3 Rd6 36.h4 Rf6
37.Kg2 Kg7 38.Qe2 e5 39.h5 g5 40.Rf1 Bc5 41.Bg4 Rd6 42.Rc1 Bb4 43.Rc2 Qd8
44.Qf3 Qb6 45.Qe2 Qd8 46.Qc4 Rd2 47.Rxd2 Bxd2 48.Qc5 Qd4 49.Qxd4 exd4 50.b6 Ba5
51.b7 Bc7 52.Be2 Kf6 53.Kh3 Ke5 54.Bd3 Bb8 55.Kg4 Ke6 56.f4 gxf4 57.gxf4 f5+
58.exf5+ Kf6 59.Kf3 Bc7 60.Ke4 Bb8 61.Kxd4 Bxf4 62.Kd5 Bb8  1/2-1/2

[Event "Biel op"]
[Site "Biel"]
[Date "1990.??.??"]
[Round "7"]
[White "Klinger, Josef"]
[Black "Wojtkiewicz, Aleksander"]
[Result "1/2-1/2"]
[WhiteElo "2520"]
[BlackElo "2515"]

1.g3 c5 2.Bg2 g6 3.Nf3 Bg7 4.O-O Nc6 5.c4 Nf6 6.Nc3 O-O 7.d3 d5 8.cxd5 Nxd5
9.Nxd5 Qxd5 10.Be3 Bd7 11.Nd4 Qd6 12.Nxc6 Bxc6 13.Bxc6 Qxc6 14.Rc1 Qd6 15.Qa4 b6
16.b3 Rfd8 17.Qc4 Qd5 18.Qc2  1/2-1/2

[Event "Biel op"]
[Site "Biel"]
[Date "1990.??.??"]
[Round "8"]
[White "Wojtkiewicz, Aleksander"]
[Black "Vogt, Lothar"]
[Result "1/2-1/2"]
[WhiteElo "2515"]
[BlackElo "2505"]

1.Nf3 Nf6 2.c4 g6 3.g3 c6 4.Bg2 Bg7 5.d4 O-O 6.Nc3 d5 7.Qb3 a5 8.cxd5 cxd5
9.O-O Nc6 10.Bf4 Ne4 11.Rfd1 Nxc3 12.bxc3 a4 13.Qa3 Bf5 14.Ne5 e6 15.c4 Qe7
16.Qxe7 Nxe7 17.Nd7 Rfe8 18.Rac1 Nc6 19.e3 Nb4 20.Rd2 Nd3 21.Rc3 dxc4 22.Nb6 Nxf4
23.gxf4 Ra6 24.Rb2 g5 25.Bxb7 Ra7 26.Bc6 Rb8 27.Nxc4 Rxb2 28.Nxb2 gxf4 29.Nxa4 fxe3
30.fxe3 Bf8 31.a3 Be4 32.Bxe4 Rxa4 33.Bc2  1/2-1/2

[Event "Debrecen"]
[Site "Debrecen"]
[Date "1990.??.??"]
[Round "4"]
[White "Wojtkiewicz, Aleksander"]
[Black "Kindermann, Stefan"]
[Result "1-0"]
[WhiteElo "2550"]
[BlackElo "2560"]

1.Nf3 g6 2.c4 Bg7 3.d4 Nf6 4.g3 O-O 5.Bg2 d5 6.cxd5 Nxd5 7.O-O Nb6 8.Nc3 Nc6
9.d5 Na5 10.e4 c6 11.Bg5 h6 12.Bf4 cxd5 13.exd5 Nac4 14.Qe2 g5 15.Bc1 e6
16.h4 g4 17.Nh2 exd5 18.Nxg4 d4 19.Nxh6+ Bxh6 20.Bxh6 dxc3 21.Rad1 Qf6 22.Bxf8 Kxf8
23.bxc3 Be6 24.Rd4 Rc8 25.Re1 Rc5 26.Rf4 Rf5 27.Rxf5 Qxf5 28.Bxb7 Na4 29.Qd1 Nab6
30.Qd4 Kg8 31.Be4 Qg4 32.Qd8+ Kg7 33.Qd4+ Kg8 34.Qd8+ Kg7 35.Bg2 Qf5 36.Qc7 a5
37.Re4 Qf6 38.Rd4 Qg6 39.Kh2 Qf6 40.Rf4 Qxc3 41.Bh3 Qe1 42.Bf5 Bd5 43.Be4 Be6
44.Bf5 Bd5 45.Be4 Be6 46.Qe7 Qe2 47.Qf6+  1-0

[Event "Debrecen"]
[Site "Debrecen"]
[Date "1990.??.??"]
[Round "8"]
[White "Wojtkiewicz, Aleksander"]
[Black "Horvath, Jozsef"]
[Result "1/2-1/2"]
[WhiteElo "2550"]
[BlackElo "2525"]

1.Nf3 Nf6 2.c4 c5 3.g3 Nc6 4.Bg2 d5 5.cxd5 Nxd5 6.Nc3 Nc7 7.Qa4 Bd7 8.Qe4 g6
9.Ne5 Bg7 10.Nxd7 Qxd7 11.a3 O-O 12.Rb1 Rad8 13.O-O e6 14.Qc4 b6 15.b4 Ne5
16.Qa2 Qe7 17.bxc5 Qxc5 18.a4 Qc4 19.Rb3 Na6 20.Qb1 Qc8 21.a5 Nc4 22.axb6 axb6
23.Qa2 Rd7 24.Na4 Rc7 25.Qb1 Nc5 26.Nxb6 Qa6 27.Rb4 Nxb6 28.Rxb6 Qxe2 29.Rb8 Rcc8
30.Rxc8 Rxc8 31.Qc2 Bd4 32.Bb2 Bxb2 33.Qxb2 Nd3 34.Qd4 Rc1 35.Qe3 Qxe3  1/2-1/2

[Event "Debrecen"]
[Site "Debrecen"]
[Date "1990.??.??"]
[Round "9"]
[White "Hansen, Curt"]
[Black "Wojtkiewicz, Aleksander"]
[Result "1/2-1/2"]
[WhiteElo "2570"]
[BlackElo "2550"]

1.d4 Nf6 2.c4 e6 3.Nc3 Bb4 4.Qc2 O-O 5.a3 Bxc3+ 6.Qxc3 b6 7.Bg5 h6 8.Bh4 Bb7
9.e3 Re8 10.Nf3 d6 11.Bd3 Nbd7 12.O-O c5 13.dxc5 Nxc5 14.Be2 Rc8 15.Rfd1 Bxf3  1/2-1/2

[Event "Debrecen"]
[Site "Debrecen"]
[Date "1990.??.??"]
[Round "11"]
[White "Novikov, Igor A"]
[Black "Wojtkiewicz, Aleksander"]
[Result "1/2-1/2"]
[WhiteElo "2550"]
[BlackElo "2550"]

1.d4 Nf6 2.c4 g6 3.Nc3 Bg7 4.e4 d6 5.f3 O-O 6.Nge2 c5 7.Be3 Nc6 8.Qd2 a6
9.dxc5 dxc5 10.Qxd8 Rxd8 11.Bxc5 Nd7 12.Be3 Nde5 13.Nf4 Nb4 14.Rc1 Be6 15.Bc5 a5
16.Bxe7 Rd7 17.Bxb4 axb4 18.Ncd5 Rxa2 19.Rb1 b3 20.Be2 Nc6 21.Nd3 Na5 22.Bd1 b5
23.cxb5 Bxd5 24.exd5 Rxd5 25.Be2 Rxb5 26.O-O Rb6 27.Rfc1 Rc6 28.Rxc6 Nxc6
29.Bd1 Na5 30.Kf2 Bd4+ 31.Ke2 Kf8 32.Nc1 Rxb2+ 33.Rxb2 Bxb2 34.Nxb3 Nxb3
35.Bxb3  1/2-1/2

[Event "Geneve op"]
[Site "Geneve"]
[Date "1990.??.??"]
[Round "?"]
[White "Rozentalis, Eduardas"]
[Black "Wojtkiewicz, Aleksander"]
[Result "1-0"]
[WhiteElo "2520"]
[BlackElo "2550"]

1.e4 g6 2.d4 Bg7 3.Nf3 d6 4.Nc3 a6 5.Be2 b5 6.O-O Bb7 7.Bg5 Nd7 8.Re1 h6
9.Bh4 c5 10.a4 cxd4 11.Nxd4 bxa4 12.Rxa4 Nc5 13.Rb4 Nf6 14.Nd5 e6 15.Rxb7 exd5
16.Nc6 Nxb7 17.Nxd8 Rxd8 18.Bxf6 Bxf6 19.Qxd5 Nc5 20.e5 Bxe5 21.f4 Bf6 22.Bc4+ Ne6
23.Rxe6+ fxe6 24.Qxe6+ Be7 25.Qf7+  1-0

[Event "Geneve op"]
[Site "Geneve"]
[Date "1990.??.??"]
[Round "?"]
[White "Filipovic, Branko"]
[Black "Wojtkiewicz, Aleksander"]
[Result "1-0"]
[WhiteElo "2445"]
[BlackElo "2550"]

1.e4 c5 2.c3 d5 3.exd5 Qxd5 4.d4 Nf6 5.Nf3 e6 6.Na3 Qd8 7.Nc4 Be7 8.Bd3 cxd4
9.Nxd4 O-O 10.Qc2 Nbd7 11.O-O Nc5 12.Be2 Bd7 13.Ne5 Be8 14.Bf3 Nd5 15.Qe2 Nc7
16.Rd1 Qc8 17.Nc4 Nb5 18.Nf5 exf5 19.Qxe7 Bc6 20.Qxc5 Bxf3 21.Qxc8 Rfxc8
22.gxf3 Rxc4 23.Rd5 a6 24.Rxf5 Rd8 25.Be3 f6 26.a4 Nc7 27.Rf4 Rxf4 28.Bxf4 Ne6
29.Be3 f5 30.f4 g5 31.fxg5 f4 32.Bb6 Rd6 33.a5 Nxg5 34.Kg2 Rd2 35.Ra4 Ne6
36.Rb4 Kf7 37.Bd4 Kg6 38.Rxb7 h5 39.Kf3 Rd3+ 40.Ke4 Rh3 41.Rb6 Kf7 42.Rxa6 Rxh2
43.Ra7+ Kg6 44.a6 Rh1 45.Ra8 Ra1 46.a7  1-0

[Event "Geneve op"]
[Site "Geneve"]
[Date "1990.??.??"]
[Round "?"]
[White "Wojtkiewicz, Aleksander"]
[Black "Grosar, Aljosa"]
[Result "1-0"]
[WhiteElo "2550"]
[BlackElo "2345"]

1.Nf3 Nf6 2.c4 c5 3.g3 d5 4.cxd5 Nxd5 5.Nc3 Nc6 6.Bg2 g6 7.O-O Bg7 8.Nxd5 Qxd5
9.d3 O-O 10.Be3 Bd7 11.d4 cxd4 12.Nxd4 Qc4 13.Rc1 Qxa2 14.Ra1 Qxb2 15.Rb1 Qa2
16.Rxb7 Nxd4 17.Bxd4 Ba4 18.Qa1 Qxa1 19.Bxa1 a5 20.Bxg7 Kxg7 21.Ra1 Bc2 22.Rxe7 Ra6
23.Bd5 a4 24.Rc7 Bf5 25.e4 Bh3 26.f3 a3 27.Kf2 h5 28.g4 hxg4 29.Kg3 Rf6 30.Rxa3 gxf3
31.e5 Rf5 32.Rxf3 Rxf3+ 33.Kxf3 Kg8 34.Kf4 Be6 35.Bxe6 fxe6+ 36.Kg5 Rf5+
37.Kxg6 Kf8 38.Rc5 Rf4 39.Kg5 Rf5+ 40.Kg6 Rf4 41.Rc1 Rh4 42.Rc8+ Ke7 43.Rc7+ Ke8
44.Rh7 Rf4 45.h4 Rf5 46.Rh5 Rf8 47.Rg5 Rf4 48.h5 Kf8 49.h6 Kg8 50.Rg1 Rf2
51.Rd1 Rg2+ 52.Kf6 Rh2 53.Rd8+ Kh7 54.Kxe6 Rxh6+  1-0

[Event "Haninge"]
[Site "Haninge"]
[Date "1990.??.??"]
[Round "1"]
[White "Hellers, Ferdinand"]
[Black "Wojtkiewicz, Aleksander"]
[Result "1/2-1/2"]
[WhiteElo "2525"]
[BlackElo "2550"]

1.e4 c5 2.Nf3 d6 3.d4 cxd4 4.Nxd4 Nf6 5.Nc3 a6 6.Be2 e6 7.f4 Be7 8.O-O O-O
9.Kh1 Qc7 10.a4 Nc6 11.Be3 Re8 12.Bf3 Rb8 13.Qd2 Bd7 14.Nb3 b6 15.g4 Bc8
16.g5 Nd7 17.Qf2 Bf8 18.Bg2 g6 19.Rad1 Bb7 20.Bc1 Nc5 21.Nxc5 dxc5 22.Rd3 Rbd8
23.Rh3 Nd4 24.Nd1 h5 25.gxh6 Kh7 26.Ne3 f5 27.c3 Nb3 28.Nc4 Nxc1 29.Rxc1 b5
30.axb5 axb5 31.Ne5 Bd6 32.Re1  1/2-1/2

[Event "Haninge"]
[Site "Haninge"]
[Date "1990.??.??"]
[Round "4"]
[White "Wojtkiewicz, Aleksander"]
[Black "Karpov, Anatoly"]
[Result "0-1"]
[WhiteElo "2550"]
[BlackElo "2730"]

1.Nf3 Nf6 2.c4 g6 3.g3 Bg7 4.Bg2 O-O 5.d4 c6 6.Nc3 d5 7.cxd5 cxd5 8.Ne5 e6
9.O-O Nfd7 10.f4 Nc6 11.Be3 Nb6 12.b3 Bd7 13.Qd2 f6 14.Nd3 Nc8 15.Rac1 Nd6
16.Bf2 f5 17.Ne5 Qe7 18.Kh1 Rfc8 19.g4 Ne4 20.Nxe4 fxe4 21.Nxd7 Qxd7 22.a3 a5
23.Bh3 Qe7 24.Ra1 Nd8 25.f5 g5 26.Bg3 Nc6 27.e3 Rd8 28.fxe6 Qxe6 29.Rf5 h6
30.Qe2 Ne7 31.Rff1 Rdc8 32.Rac1 Rc6 33.Rxc6 Qxc6 34.Rb1 Bf8 35.Bf1 Nc8 36.Qb2 Qd7
37.Be2 Bd6 38.Be1 Ne7 39.Rc1 Rf8 40.Kg2 Ng6 41.b4 a4 42.Qc2 Qf7 43.Qd1 Kh8
44.Rc3 h5 45.gxh5 Nh4+ 46.Bxh4 gxh4 47.Qe1 h3+ 48.Kh1 Qf2 49.Qxf2 Rxf2 50.Rc2 Rxh2+
51.Kg1 Rg2+ 52.Kh1 Rf2 53.Kg1 Bg3 54.Kh1 Kh7 55.Kg1 Kh6 56.Kh1 Rh2+ 57.Kg1 Rf2
58.Kh1 Bd6 59.Kg1 Rg2+ 60.Kf1 Rg8 61.Rc1 Rg3  0-1

[Event "Haninge"]
[Site "Haninge"]
[Date "1990.??.??"]
[Round "7"]
[White "Polugaevsky, Lev"]
[Black "Wojtkiewicz, Aleksander"]
[Result "1-0"]
[WhiteElo "2610"]
[BlackElo "2550"]

1.d4 Nf6 2.Nf3 e6 3.c4 b6 4.g3 Bb7 5.Bg2 Be7 6.O-O O-O 7.b3 d5 8.cxd5 exd5
9.Bb2 Re8 10.Nc3 Na6 11.Ne5 c5 12.Rc1 Bf8 13.e3 Nc7 14.Na4 Ne6 15.dxc5 bxc5
16.Ng4 Ne4 17.f3 Nd6 18.f4 Ne4 19.Nf2 Nf6 20.f5 Ng5 21.Nxc5 Bxc5 22.Rxc5 Nge4
23.Nxe4 Nxe4 24.Qd4 f6 25.Rc2 Qd6 26.Rfc1 Re7 27.Qa4 Qd8 28.Ba3 Rf7 29.Rd1 Qb6
30.Qd4 Qa5 31.Bb4 Qb5 32.Bxe4 dxe4 33.Rc7 Rxc7 34.Qd8+ Qe8 35.Qxc7 Bc6 36.Rd6 Bb5
37.a4 Rc8 38.Qa5 Bd3 39.Qd5+ Kh8 40.Rd7 h6 41.g4 Qe5 42.Qxe5 fxe5 43.Bd6 Rc1+
44.Kg2 Rd1 45.Rxa7 Bf1+ 46.Kf2 Rxd6 47.Kxf1 Rb6 48.a5 Rxb3 49.a6  1-0

[Event "Haninge"]
[Site "Haninge"]
[Date "1990.??.??"]
[Round "9"]
[White "Ehlvest, Jaan"]
[Black "Wojtkiewicz, Aleksander"]
[Result "1-0"]
[WhiteElo "2620"]
[BlackElo "2550"]

1.d4 Nf6 2.Nf3 e6 3.c4 b6 4.g3 Bb7 5.Bg2 Be7 6.O-O O-O 7.Re1 d5 8.cxd5 exd5
9.Nc3 Na6 10.Bf4 Qc8 11.Rc1 Rd8 12.Ne5 c5 13.dxc5 bxc5 14.e4 Nxe4 15.Nxe4 dxe4
16.Qb3 Bd5 17.Qe3 f6 18.Nc4 f5 19.f3 Bf6 20.Be5 Bxe5 21.Nxe5 Re8 22.Qf4 exf3
23.Bxf3 Bxf3 24.Nxf3 Qb7 25.Qxf5 Rf8 26.Qe6+ Kh8 27.Ne5 Rf6 28.Qd7 Qxd7 29.Nxd7 Rc6
30.a3 Rc7 31.Ne5 h6 32.Nc4 Rd8 33.Re4 Nb8 34.Rce1 Nc6 35.Re8+ Rxe8 36.Rxe8+ Kh7
37.Kf2 Nd4 38.Re5 Nb3 39.Rd5 Re7 40.Ne5 Rb7 41.Ke3 a5 42.h4 a4 43.h5 Rb8
44.Kd3 Na5 45.g4 Rxb2 46.Rd8 g5 47.hxg6+ Kg7 48.Rd7+ Kg8 49.g5 h5 50.Rd8+ Kg7
51.Rd7+ Kg8 52.Re7 Rb6 53.g7  1-0

[Event "Haninge"]
[Site "Haninge"]
[Date "1990.??.??"]
[Round "10"]
[White "Van der Wiel, John TH"]
[Black "Wojtkiewicz, Aleksander"]
[Result "1/2-1/2"]
[WhiteElo "2550"]
[BlackElo "2550"]

1.e4 c5 2.Nf3 d6 3.d4 cxd4 4.Nxd4 Nf6 5.Nc3 a6 6.Be2 e6 7.O-O Be7 8.f4 O-O
9.Bf3 Qc7 10.Be3 Re8 11.Qd2 e5 12.Nf5 Bxf5 13.exf5 Nbd7 14.Nd5 Nxd5 15.Bxd5 Nf6
16.c3 exf4 17.Bf2 Nxd5 18.Qxd5 Bf6 19.Rfd1 Re2 20.Rd2 Rxd2 21.Qxd2 Be5 22.Qd5 Rc8
23.Rd1 Qc6 24.Kf1 Kf8 25.Ke2 Qxd5 26.Rxd5 Ke7 27.Bd4 f6 28.Bf2 g5 29.g4 fxg3
30.hxg3 Rc4 31.Rd1 Kf7 32.Rh1 Kg7 33.Kf3 b5 34.a3 Kg8 35.Be3 Kg7 36.Bf2 Kh8
37.Be3 Kg8 38.Bf2 Ra4 39.Be3 Kg7 40.Bf2 h6 41.Be3 a5 42.Bc1 d5 43.Rd1 h5
44.Be3 b4 45.axb4 axb4 46.Rxd5 bxc3 47.bxc3 Bxc3 48.Rd7+ Kh6 49.Rd8 Ra5 50.Rh8+ Kg7
51.Rxh5 Rxf5+ 52.Kg2 Rb5 53.g4 Kg6 54.Rh1 Rb3 55.Kf2 Be5 56.Rd1 Rb2+ 57.Kf3 Rh2
58.Bf2 f5 59.gxf5+ Kxf5 60.Rg1 Rh3+ 61.Kg2 Rb3 62.Re1 Rb2 63.Kf1 Bf4 64.Re2 Rb3
65.Kg2 Kg4 66.Rc2 Rh3 67.Ra2 Rh2+ 68.Kg1 Bg3 69.Ra4+ Kh3 70.Bxg3 Rg2+ 71.Kh1 Rxg3
72.Ra2 Re3  1/2-1/2

[Event "New York op"]
[Site "New York"]
[Date "1990.??.??"]
[Round "3"]
[White "Wojtkiewicz, Aleksander"]
[Black "Andrianov, Nikolai"]
[Result "0-1"]
[WhiteElo "2550"]
[BlackElo "2455"]

1.Nf3 Nf6 2.c4 c6 3.d4 d5 4.Nc3 g6 5.Bf4 Bg7 6.e3 O-O 7.Rc1 Bg4 8.Bd3 e6
9.h3 Bxf3 10.Qxf3 Nbd7 11.O-O Qe7 12.Bg5 h6 13.Bh4 dxc4 14.Bxc4 e5 15.a3 exd4
16.exd4 Qd6 17.Rcd1 Nb6 18.Bb3 Nbd5 19.Bg3 Qd7 20.Rfe1 Rae8 21.Be5 Nxc3 22.bxc3 Nd5
23.c4 Nc7 24.Qg3 Re7 25.f4 Ne8 26.c5 Kh7 27.d5 Bxe5 28.fxe5 cxd5 29.Bxd5 Qc7
30.Qf2 Ng7 31.e6 f5 32.Rb1 Rb8 33.Rb5 b6 34.Qb2 a6 35.Rb4 Qxc5+ 36.Rd4 Nxe6
37.Qb4 Rbe8 38.Bxe6 Rxe6 39.Rxe6 Rxe6 40.Qxc5 bxc5 41.Rd7+ Kg8 42.Rc7 Re3
43.Rc6 Rxa3 44.Rxg6+ Kh7 45.Rf6 c4 46.Rxf5 c3 47.Rc5 a5 48.Kf2 Ra2+ 49.Ke1 Rxg2
50.Rxc3 Kg6 51.Rc6+ Kh5 52.Ra6 Ra2 53.Kf1 Kg5 54.h4+ Kh5 55.Kg1 a4 56.Kf1 a3
57.Ra4 Kg6 58.Ra5 Kf6 59.Ke1 Ke6 60.Kd1 Ra1+ 61.Kc2 Kf6 62.Ra6+ Kg7 63.Kb3 Rh1  0-1